[Event "Szachy na pełnej kurwie (Single Version)"]
[Site "SchemingMind.com"]
[Date "2016.02.15"]
[Round "-"]
[White "miriskra"]
[Black "Transcendent"]
[Result "1-0"]
[WhiteCountry "WLS"]
[BlackCountry "ENG"]
[WhiteElo "1602"]
[WhiteRD "66"]
[BlackElo "1417"]
[BlackRD "62"]
[GameID "395393"]

1. d4 d5 2. Nf3 Nf6 3. c4 c6 4. e3 Bf5 5. Nc3 e6 6. Be2 Be7 7. Nh4 Bg6 8. O-O Nbd7 9. Nxg6 hxg6 10. f3 Qc7
11. h3 Nh5 12. e4 Ng3 13. Rf2 Bh4 14. exd5 cxd5 15. cxd5 exd5 16. Nxd5
1-0

[Event "Szachy na pełnej kurwie (Single Version)"]
[Site "SchemingMind.com"]
[Date "2016.02.17"]
[Round "-"]
[White "Timaeus"]
[Black "Transcendent"]
[Result "1-0"]
[WhiteCountry "JPN"]
[BlackCountry "ENG"]
[WhiteElo "1431"]
[WhiteRD "76"]
[BlackElo "1417"]
[BlackRD "62"]
[GameID "395395"]

1. c4 c6 2. d4 d5 3. e3 Nf6 4. Nc3 Bf5 5. b3 e6 6. Nf3 Bb4 7. Bd2 O-O 8. Be2 Nbd7 9. Ne5 Rc8 10. c5 Nxe5
11. dxe5 Nd7 12. a3 Ba5 13. b4 Bc7 14. O-O Nxe5 15. f4 Nd7 16. h3 b6 17. Ba6 Rb8 18. Qf3 bxc5 19. b5 Bd3 20. bxc6 Bxa6
21. Rfb1
1-0

[Event "Szachy na pełnej kurwie (Single Version)"]
[Site "SchemingMind.com"]
[Date "2016.02.15"]
[Round "-"]
[White "Scooter"]
[Black "Transcendent"]
[Result "1/2-1/2"]
[WhiteCountry "USA"]
[BlackCountry "ENG"]
[WhiteElo "1761"]
[WhiteRD "49"]
[BlackElo "1480"]
[BlackRD "57"]
[GameID "395397"]

1. d4 d5 2. Nf3 Nf6 3. Bf4 c5 4. e3 Qb6 5. b3 Nc6 6. c3 Bf5 7. Bd3 Bxd3 8. Qxd3 e6 9. O-O cxd4 10. cxd4 Rc8
11. a3 Na5 12. b4 Nc4 13. Nbd2 Nxd2 14. Nxd2 Be7 15. Rfc1 O-O 16. Nb3 Ne4 17. Rxc8 Rxc8 18. Rc1 Rxc1+ 19. Nxc1 Qc6 20. Ne2 g5
21. Bg3 h5 22. Bb8 a6 23. Ba7 Qa4 24. f3 Nd6 25. Bc5 Nf5 26. Ng3 Nxg3 27. hxg3 Bf6 28. e4 dxe4 29. fxe4 Kg7 30. e5 Bd8
31. Qf3 g4 32. Qe3 Qd1+ 33. Kf2 Qc2+ 34. Kg1 Qf5 35. Qd2 b6 36. Bd6 f6 37. Qf4 b5 38. exf6+ Bxf6 39. Be5 Bxe5 40. dxe5 Kg6
41. Kf2 Qxf4+ 42. gxf4 h4 43. g3 h3 44. Kg1 Kf5 45. Kh2 Kg6=
1/2-1/2

[Event "Szachy na pełnej kurwie (Single Version)"]
[Site "SchemingMind.com"]
[Date "2016.02.15"]
[Round "-"]
[White "Transcendent"]
[Black "Michal Drus"]
[Result "1-0"]
[WhiteCountry "ENG"]
[BlackCountry "POL"]
[WhiteElo "1506"]
[WhiteRD "53"]
[BlackElo "1483"]
[BlackRD "70"]
[GameID "395398"]

1. d4 d5 2. c4 c6 3. Nf3 dxc4 4. a4 Nf6 5. Nc3 Bg4 6. Ne5 Bh5 7. Nxc4 e6 8. Qb3 Nbd7 9. Qxb7 Qb8 10. Qxc6 Qc8
11. Qxc8+ Rxc8 12. Ne5 Nxe5 13. dxe5 Nd7 14. Bf4 Bb4 15. Rc1 Bxc3+ 16. Rxc3 Rxc3 17. bxc3 O-O 18. f3 f6 19. exf6 Rxf6 20. Bg3 e5
21. e4 Nc5 22. Bc4+ Kf8 23. Bxe5 Rc6 24. O-O g5 25. Bb5 Re6 26. Bd4
1-0

[Event "Szachy na pełnej kurwie (Single Version)"]
[Site "SchemingMind.com"]
[Date "2016.02.15"]
[Round "-"]
[White "Transcendent"]
[Black "fanfan_la_Tulipe"]
[Result "0-1"]
[WhiteCountry "ENG"]
[BlackCountry "AUT"]
[WhiteElo "1417"]
[WhiteRD "62"]
[BlackElo "2184"]
[BlackRD "88"]
[GameID "395399"]

1. d4 Nf6 2. c4 g6 3. g3 Bg7 4. Bg2 O-O 5. Nc3 d6 6. Nf3 Nc6 7. h3 a6 8. O-O Rb8 9. d5 Na5 10. Nd2 b5
11. cxb5 axb5 12. a3 Bd7 13. e4 c5 14. dxc6 Nxc6 15. Re1 b4 16. axb4 Nxb4 17. Nc4 Qc8 18. Ne3 Bxh3 19. Ra7 Bxg2 20. Kxg2 Ra8
21. Rxe7 Qc5 22. Ncd5 Nfxd5
0-1

[Event "Szachy na pełnej kurwie (Single Version)"]
[Site "SchemingMind.com"]
[Date "2016.02.15"]
[Round "-"]
[White "Transcendent"]
[Black "frankly"]
[Result "0-1"]
[WhiteCountry "ENG"]
[BlackCountry "ENG"]
[WhiteElo "1506"]
[WhiteRD "53"]
[BlackElo "2468"]
[BlackRD "55"]
[GameID "395400"]

1. d4 Nf6 2. c4 e6 3. g3 d5 4. Nf3 dxc4 5. Bg2 Nc6 6. O-O Rb8 7. a4 b6 8. Nc3 Bb7 9. e3 Na5 10. Ne5 Bxg2
11. Kxg2 Bd6 12. Nb5 Bxe5 13. dxe5 Nd7 14. f4 O-O 15. Nxa7 Nc5 16. Ra3 c6 17. Bd2 Qc7 18. Bxa5 bxa5 19. Qd6 Qxa7 20. Qxc6 Rfc8
21. Qd6 Rxb2+ 22. Kh3 Qb7 23. Rg1 Ne4 24. Qd4 Nf2+ 25. Kh4 Qe7+ 26. Kh5 g6+
0-1

[Event "Szachy na pełnej kurwie (Single Version)"]
[Site "SchemingMind.com"]
[Date "2016.02.19"]
[Round "-"]
[White "DANDYLIONHONEYBADGER"]
[Black "Transcendent"]
[Result "1-0"]
[WhiteCountry "USA"]
[BlackCountry "ENG"]
[WhiteElo "1334"]
[WhiteRD "59"]
[BlackElo "1417"]
[BlackRD "62"]
[GameID "395401"]

1. Nc3 d5 2. d4 Nf6 3. e3 Bf5 4. Bd3 Bg6 5. Bxg6 hxg6 6. f3 Nbd7 7. g4 e6 8. Nge2 Bd6 9. a3 Rxh2 10. Rg1 e5
11. dxe5
1-0

[Event "Szachy na pełnej kurwie (Single Version)"]
[Site "SchemingMind.com"]
[Date "2016.02.15"]
[Round "-"]
[White "Transcendent"]
[Black "redmike"]
[Result "1-0"]
[WhiteCountry "ENG"]
[BlackCountry "SCO"]
[WhiteElo "1506"]
[WhiteRD "53"]
[BlackElo "1907"]
[BlackRD "65"]
[GameID "395402"]

1. d4 Nf6 2. c4 g6 3. g3 Bg7 4. Bg2 O-O 5. Nc3 c6 6. Nf3 d5 7. cxd5 cxd5 8. O-O Nc6 9. a3 Bf5 10. Bf4 Be4
11. Qb3 Bxf3 12. Bxf3 Nxd4 13. Qxb7 Nxf3+ 14. exf3 e6 15. Be5 Qd7 16. Qxd7 Nxd7 17. Bxg7 Kxg7 18. b4 Rac8 19. Rfc1 Ne5 20. Kg2 Nc4
21. Ne2 e5 22. f4 f6 23. a4 d4 24. fxe5 fxe5 25. b5
1-0

[Event "Szachy na pełnej kurwie (Single Version)"]
[Site "SchemingMind.com"]
[Date "2016.02.15"]
[Round "-"]
[White "smothered mate"]
[Black "flyinduck"]
[Result "1/2-1/2"]
[WhiteCountry "POL"]
[BlackCountry "CAN"]
[WhiteElo "2003"]
[WhiteRD "71"]
[BlackElo "2033"]
[BlackRD "56"]
[GameID "395419"]

1. d4 Nf6 2. c4 c5 3. e3 g6 4. Nf3 Bg7 5. Nc3 O-O 6. Be2 b6 7. O-O Bb7 8. dxc5 bxc5 9. Qb3 Qb6 10. Rd1 d6
11. Nd5 Nxd5 12. cxd5 Nd7 13. Qc2 Ba6 14. Rb1 Bxe2 15. Qxe2 a5 16. e4 Rab8 17. b3 a4 18. Be3 axb3 19. Rxb3 Qa7 20. Rdb1 Rxb3
21. Rxb3 Ra8 22. a3 Rb8 23. Qa2 h6 24. h3 Kh7 25. Nd2 Rxb3 26. Qxb3 Nb6 27. f4 Qa6 28. Kf2 Bf6 29. e5 Bg7 30. Ne4 Qc4
31. Nxc5 Qxb3 32. Nxb3 Nxd5 33. exd6 exd6 34. a4 Nb4 35. Bd4 Bxd4+ 36. Nxd4 Kg7 37. Ke3 Kf6 38. Kd2 Ke7 39. g3 d5 40. Kc3 Na6
41. Nb5 Nc5 42. a5 Kd7 43. Kb4 Na6+ 44. Kc3 Kc6 45. Nd4+ Kc5 46. f5 Nc7 47. g4 h5 48. g5 gxf5 49. Nxf5 Ne6 50. h4 d4+
51. Kd3 Kd5 52. a6 Nc5+ 53. Ke2 Nxa6 54. Ng3 Nc5 55. Nxh5 Ke4= 56. Nf6+ Kf5 57. Kf3 Nd3 58. Nd5 Ne5+ 59. Kg3 d3 60. Nc3 d2
61. Kh3 Kg6 62. Kg3 Kh5 63. Nd5 Nd3 64. Ne3 Nb2 65. Nd5 Kg6 66. Ne3 d1=Q 67. Nxd1 Nxd1 68. Kg4 Ne3+ 69. Kf3 Nf5 70. Kg4 Ng7
71. Kf4 Kh5 72. Ke5 Ne8 73. Kf5=
1/2-1/2

[Event "Szachy na pełnej kurwie (Single Version)"]
[Site "SchemingMind.com"]
[Date "2016.02.16"]
[Round "-"]
[White "flyinduck"]
[Black "miriskra"]
[Result "1-0"]
[WhiteCountry "CAN"]
[BlackCountry "WLS"]
[WhiteElo "2093"]
[WhiteRD "56"]
[BlackElo "1602"]
[BlackRD "66"]
[GameID "395420"]

1. d4 d5 2. c4 c6 3. Nc3 Nf6 4. e3 Nbd7 5. Nf3 g6 6. Bd3 Bg7 7. O-O O-O 8. Re1 Re8 9. Ne5 Nf8 10. h3 dxc4
11. Bxc4 e6 12. a4 N8d7 13. f4 Nd5 14. Qf3 N7b6 15. Bb3 Nxc3 16. bxc3 a5 17. Ba3 f6 18. Nd3 Bf8 19. Nc5
1-0

[Event "Szachy na pełnej kurwie (Single Version)"]
[Site "SchemingMind.com"]
[Date "2016.02.16"]
[Round "-"]
[White "flyinduck"]
[Black "Timaeus"]
[Result "1-0"]
[WhiteCountry "CAN"]
[BlackCountry "JPN"]
[WhiteElo "2130"]
[WhiteRD "58"]
[BlackElo "1417"]
[BlackRD "74"]
[GameID "395421"]

1. d4 Nf6 2. c4 d5 3. cxd5 Nxd5 4. Nf3 Bg4 5. Ne5 Bf5 6. f3 Bxb1 7. Rxb1 e6 8. e4 Nf4 9. Bxf4 Bd6 10. Bc4 O-O
11. O-O Bxe5 12. Bxe5 b6 13. Bg3 Nc6 14. Bf2 Nb4 15. a3 Nc6 16. Qd2 Qd7 17. Rbc1 Rad8 18. Bb5 Qxd4 19. Bxd4 Nxd4 20. Qd3 c5
21. Rfd1 e5 22. Bc4 Kh8 23. Bd5 f5 24. Qa6 b5 25. Rxd4 exd4 26. Rxc5 d3 27. Qxb5 fxe4 28. fxe4 d2 29. Qe2 Rf2 30. Kxf2 Rf8+
31. Ke3
1-0

[Event "Szachy na pełnej kurwie (Single Version)"]
[Site "SchemingMind.com"]
[Date "2016.02.15"]
[Round "-"]
[White "flyinduck"]
[Black "Scooter"]
[Result "1-0"]
[WhiteCountry "CAN"]
[BlackCountry "USA"]
[WhiteElo "2083"]
[WhiteRD "52"]
[BlackElo "1712"]
[BlackRD "48"]
[GameID "395423"]

1. d4 Nf6 2. c4 g6 3. Nc3 Bg7 4. e4 d6 5. Be2 O-O 6. Bg5 h6 7. Bf4 Re8 8. Nf3 Bg4 9. Qd2 Nbd7 10. Bxh6 Bxf3
11. Bxf3 e5 12. d5 Nc5 13. Bxg7 Kxg7 14. h4 Rh8 15. O-O-O Nh5 16. g3 Qf6 17. Bg4 Qe7 18. Kb1 Nf6 19. Bf3 a6 20. Bg2 Raf8
21. Rde1 Nh5 22. Bh3 Nf6 23. Bg2 Nh5 24. Qe3 Qd7 25. f4 exf4 26. gxf4 Qg4 27. f5 Qxg2 28. Reg1 Qxg1+ 29. Rxg1 Nf6 30. e5 Nfd7
31. e6 Ne5 32. b4
1-0

[Event "Szachy na pełnej kurwie (Single Version)"]
[Site "SchemingMind.com"]
[Date "2016.02.15"]
[Round "-"]
[White "Transcendent"]
[Black "flyinduck"]
[Result "0-1"]
[WhiteCountry "ENG"]
[BlackCountry "CAN"]
[WhiteElo "1417"]
[WhiteRD "70"]
[BlackElo "2080"]
[BlackRD "57"]
[GameID "395424"]

1. d4 Nf6 2. c4 c5 3. d5 e6 4. Nc3 exd5 5. cxd5 d6 6. g3 g6 7. Bg2 Bg7 8. Nf3 O-O 9. O-O Re8 10. Bf4 Ne4
11. Nxe4 Rxe4 12. Nd2 Rb4 13. Rb1 Bxb2 14. Ne4 Bf5 15. Rxb2 Bxe4 16. Rxb4 Bxg2 17. Kxg2 cxb4 18. Qb3 Na6 19. Bh6 Rc8 20. Qb2 f6
21. a3 Rc4 22. axb4 Rxb4 23. Qc3 Kf7 24. Qe3 Qe7 25. Qf3 Qe4 26. Qxe4 Rxe4 27. Rb1 Nc5 28. Be3 b6 29. Kf3 f5 30. h4 h5
31. Ra1 a5 32. Bf4 Ke7 33. Rb1 Rb4 34. Ra1 Rb3+ 35. e3 Kd7
0-1

[Event "Szachy na pełnej kurwie (Single Version)"]
[Site "SchemingMind.com"]
[Date "2016.02.15"]
[Round "-"]
[White "Michal Drus"]
[Black "flyinduck"]
[Result "0-1"]
[WhiteCountry "POL"]
[BlackCountry "CAN"]
[WhiteElo "1476"]
[WhiteRD "70"]
[BlackElo "2126"]
[BlackRD "54"]
[GameID "395425"]

1. e4 c5 2. Nf3 Nc6 3. d4 cxd4 4. Nxd4 Nf6 5. Nc3 e5 6. Nxc6 bxc6 7. Bg5 Be7 8. Bc4 O-O 9. h4 Bb7 10. Qd2 d5
11. exd5 cxd5 12. Bxf6 dxc4 13. Qxd8 Bxd8 14. Bxd8 Raxd8 15. O-O Rd2 16. Nb5 Rxc2 17. Nd6 Ba6 18. Rfc1 Rxb2 19. Nxc4 Re2 20. Ne3 f5
21. Rc7 Rf7 22. Rac1 Rxa2 23. Rxf7 Kxf7 24. Nxf5 Bd3 25. Nd6+ Ke6 26. Rc6 Kd5 27. Rc8 a5 28. Rd8 e4 29. Nb5+ Kc4 30. Nd6+ Kc3
31. Rc8+ Kd2 32. Rd8 Ra1+ 33. Kh2 Ke2 34. Kg3 Ra3 35. Kf4 Kxf2 36. Rd7 e3 37. Ne4+ Bxe4
0-1

[Event "Szachy na pełnej kurwie (Single Version)"]
[Site "SchemingMind.com"]
[Date "2016.02.15"]
[Round "-"]
[White "fanfan_la_Tulipe"]
[Black "flyinduck"]
[Result "0-1"]
[WhiteCountry "AUT"]
[BlackCountry "CAN"]
[WhiteElo "2102"]
[WhiteRD "86"]
[BlackElo "2052"]
[BlackRD "58"]
[GameID "395426"]

1. Nf3 c5 2. c4 Nf6 3. b3 g6 4. Bb2 Bg7 5. g3 O-O 6. Bg2 Nc6 7. O-O Re8 8. d4 cxd4 9. Nxd4 Qc7 10. Nc2 d6
11. Nc3 a6 12. e4 Rb8 13. Ne3 e6 14. Qd2 Rd8 15. Rac1 Ne5 16. Qe2 h5 17. h3 b6 18. f4 Ned7 19. Rfd1 Bb7 20. b4 Rbc8
21. Qd3 Ne8 22. Rc2 Qb8 23. Ne2 Ndf6 24. Nc3 h4 25. g4 d5 26. cxd5 Qxf4 27. Rf2 Qg3 28. Rf3 Qc7 29. Qb1 Nh7 30. Ne2 Ng5
31. Rff1 exd5 32. Bxg7 Nxg7 33. Nxd5 Bxd5 34. exd5 Qe5 35. Qd3 a5 36. bxa5 bxa5 37. Nd4 Ne8 38. Qa3 Nd6 39. Nc6 Nc4 40. Nxe5 Nxa3
41. Nc6 Rd7 42. Nxa5 Rc3 43. Nc6 Nxh3+ 44. Bxh3 Rxh3 45. Ne5 Rg3+ 46. Kh2 Rc7 47. Rd2 Nb5 48. a4 Nd6 49. Rf4 Rcc3 50. a5 Ra3
51. Nc6 Kg7 52. Rfd4 Rh3+ 53. Kg1 Rag3+ 54. Kf1 Rh1+ 55. Ke2 h3
0-1

[Event "Szachy na pełnej kurwie (Single Version)"]
[Site "SchemingMind.com"]
[Date "2016.02.15"]
[Round "-"]
[White "frankly"]
[Black "flyinduck"]
[Result "1/2-1/2"]
[WhiteCountry "ENG"]
[BlackCountry "CAN"]
[WhiteElo "2468"]
[WhiteRD "55"]
[BlackElo "2135"]
[BlackRD "56"]
[GameID "395427"]

1. d4 Nf6 2. Nf3 d5 3. c4 e6 4. Nc3 c6 5. e3 Nbd7 6. Qc2 Bd6 7. Bd3 O-O 8. O-O dxc4 9. Bxc4 a6 10. Rd1 b5
11. Bd3 Qc7 12. a4 b4 13. Ne4 Nxe4 14. Bxe4 Nf6 15. Bd3 c5 16. dxc5 Bxc5 17. b3 Bb7 18. Bd2 Rac8 19. Rac1 Qb6 20. Ne5 Rfd8
21. Be2 Be7 22. Nc4 Qa7 23. Be1 Nd5 24. a5 Bf6 25. e4 Nc3 26. Bxc3 Bxc3 27. Nb6 Rb8 28. Bf1 Bc6 29. Rxd8+ Rxd8 30. Rd1 Rxd1
31. Qxd1 g6 32. Qd3 Kg7 33. Qxa6 Qxa6 34. Bxa6 Bxe4 35. Bc4 Bd4 36. Nc8 Bb7 37. Nd6 Ba8 38. Nb5 Bc5 39. Nc7 Bc6 40. Bb5 Be4
41. Ne8+ Kh6 42. Nf6 Bc2 43. Bc4 Kg7 44. Nd7 Bd4 45. Kf1 Be4 46. f4 Bc6 47. Ne5 Be4 48. a6 g5 49. g3 gxf4 50. gxf4 Kf6
51. Bd3 Bd5 52. Bxh7 Bxb3 53. Be4 Ba4 54. Ke2 Bb5+ 55. Bd3 Be8 56. Kd2 Ke7 57. h4 f6 58. Nc4 b3 59. Na3 e5 60. f5=
1/2-1/2

[Event "Szachy na pełnej kurwie (Single Version)"]
[Site "SchemingMind.com"]
[Date "2016.02.20"]
[Round "-"]
[White "flyinduck"]
[Black "DANDYLIONHONEYBADGER"]
[Result "1-0"]
[WhiteCountry "CAN"]
[BlackCountry "USA"]
[WhiteElo "2093"]
[WhiteRD "56"]
[BlackElo "1334"]
[BlackRD "59"]
[GameID "395428"]

1. d4 d5 2. c4 Nf6 3. cxd5 Qxd5 4. Nc3 Qh5 5. Bf4 Na6 6. e3 Qxd1+ 7. Rxd1 c6 8. Nf3 e6 9. h3 Be7 10. Ne5 Nd5
11. Bg3 Nxc3 12. bxc3 f6 13. Nc4 O-O 14. Be2 Rd8 15. O-O c5 16. Bf3 h6 17. Rb1 cxd4 18. exd4 g5 19. Rfe1 b6 20. Bxa8
1-0

[Event "Szachy na pełnej kurwie (Single Version)"]
[Site "SchemingMind.com"]
[Date "2016.02.15"]
[Round "-"]
[White "The Stonewall"]
[Black "flyinduck"]
[Result "1/2-1/2"]
[WhiteCountry "ENG"]
[BlackCountry "CAN"]
[WhiteElo "2240"]
[WhiteRD "84"]
[BlackElo "2080"]
[BlackRD "57"]
[GameID "395429"]

1. d4 Nf6 2. Bg5 Ne4 3. Bf4 d5 4. e3 c5 5. Bd3 Nf6 6. Nf3 Nc6 7. h3 Qb6 8. b3 Nb4 9. O-O Nxd3 10. Qxd3 e6
11. c4 dxc4 12. bxc4 cxd4 13. exd4 Be7 14. Nc3 O-O 15. Rab1 Qd8 16. Rfd1 b6 17. Be5 Bb7 18. Rbc1 Rc8 19. d5 exd5 20. cxd5 Bd6
21. Bxf6 Qxf6 22. Ne4 Qh6 23. Rxc8 Rxc8 24. Nd4 Bf8 25. Ne2 Qg6 26. N2g3 h5 27. h4 Rd8 28. d6 Rd7 29. Qb5 Rd8 30. Rd4 Qe6
31. Qxh5 Bxd6 32. Ng5 Qg6 33. Qxg6 fxg6 34. Ne2 Bc7 35. g3 Rxd4 36. Nxd4 Bd5 37. a4 Be5 38. Ngf3 Bf6 39. g4 Kf8 40. Kf1 a6
41. Ke2 b5 42. axb5 axb5 43. Kd3 b4 44. g5 Bxd4 45. Nxd4 Ke7 46. Nc2 b3 47. Nd4 Kd6 48. Kc3 Ke5 49. Nxb3 Bxb3 50. Kxb3 Kf4
51. Kc4 Kf3=
1/2-1/2

[Event "Szachy na pełnej kurwie (Single Version)"]
[Site "SchemingMind.com"]
[Date "2016.02.17"]
[Round "-"]
[White "flyinduck"]
[Black "emvarela"]
[Result "1-0"]
[WhiteCountry "CAN"]
[BlackCountry "ARG"]
[WhiteElo "2053"]
[WhiteRD "55"]
[BlackElo "1728"]
[BlackRD "49"]
[GameID "395430"]

1. d4 Nf6 2. c4 g6 3. Nc3 Bg7 4. e4 d6 5. Be2 O-O 6. Bg5 c5 7. d5 h6 8. Bf4 a6 9. a4 e5 10. Be3 Ne8
11. g4 Kh7 12. h4 f5 13. gxf5 gxf5 14. exf5 Bxf5 15. Nf3 e4 16. Nd2 Bxc3 17. bxc3 Qf6 18. Rb1 Ra7 19. Qb3 Nd7 20. a5 Ne5
21. Qb6 Ra8 22. Qxb7+ Ng7 23. Rb6 Rab8 24. Qxa6 Nf3+ 25. Nxf3 Qxc3+ 26. Nd2 Qc1+ 27. Bd1 Rxb6 28. Qxb6 Bg4 29. Qb1 Qxb1 30. Nxb1 Bxd1
31. Kxd1 Nf5 32. Nc3 Nxe3+ 33. fxe3 Ra8 34. Nxe4 Rxa5 35. Ke2 Ra2+ 36. Kf3 Ra6 37. Rg1
1-0

[Event "Szachy na pełnej kurwie (Single Version)"]
[Site "SchemingMind.com"]
[Date "2016.02.15"]
[Round "-"]
[White "redmike"]
[Black "flyinduck"]
[Result "0-1"]
[WhiteCountry "SCO"]
[BlackCountry "CAN"]
[WhiteElo "2128"]
[WhiteRD "76"]
[BlackElo "2126"]
[BlackRD "54"]
[GameID "395431"]

1. d4 Nf6 2. c4 c5 3. d5 b5 4. a4 bxc4 5. Nc3 d6 6. e4 Ba6 7. f4 Nbd7 8. Nf3 Rb8 9. Be2 Rb3 10. O-O Qb8
11. Qc2 g6 12. a5 Bg7 13. Ra4 Rb4 14. Ra3 O-O 15. Na2 Rc8 16. Nd2 e6 17. dxe6 fxe6 18. Nxb4 cxb4 19. Re3 d5 20. e5 Ne8
21. Rh3 Qc7 22. Nf3 Qxa5 23. Ng5 Nf8 24. Be3 c3 25. bxc3 Rxc3 26. Qb1 Bxe2
0-1